000 00266nam a2200109Ia 4500
008 220204s9999 xx 000 0 und d
082 _a342.24(540)
_bGAD
100 _aGADGIL, D R
245 0 _aFederal problem in India
260 _aPoona
_bGokhale
_c1947
942 _cBK
999 _c20018
_d20018